000 00776nas a2200265 4500
001 BR2011006391
003 BR-BrBNA
005 20231205115158.0
007 ta
008 230509b bl.|||p| |||| 00| 00por d
040 _aBR-BrBNA
_bpor
_cBiblioteca Nacional de Agricultura
041 _a(Pt)
072 _aP34
100 1 _aSugai, M.A.A.
100 1 _aCollier, L.S.
100 1 _aSaggin-Júnior, O.J.
245 1 _aInoculação micorrízica no crescimento de mudas de angico em solo de cerrado
650 _aANGICO
650 _aMICORRIZA
650 _aINOCULAÇÃO
650 _aCERRADO
773 0 _tBragantia (Brazil)
_xISSN 0006-8705
_g(Apr-Jun 2011), v. 70(2) p. 416-423
_wBR2011006391
909 _a202311
_bLúcia
_c55
_dLúcia Elande
942 _2AGRIS
_n0
_cANA
999 _c212465
_d212465